000 00467ngm a2200169 i 4500
001 C2-0330350
003 PPAK
005 20180727222249.0
008 150415s my |||| ||||| | vlmay d
040 _aPPAK
_beng
_cPPAK
_erda
245 1 0 _aTamadun Islam
264 1 _a[Kuala Lumpur] :
_bVIC Multimedia ,
_c[date of publication not identified]
336 _2rdacontent
_atext
337 _2rdamedia
_aunmediated
338 _2rdacarrier
_avolume
942 _2ddc
_cDVD
999 _c167679
_d167679